Lives amid violence: transforming development in the wake of conflict

Gespeichert in:  
Bibliographische Detailangaben
1. VerfasserIn: Schomerus, Mareike 1971- (Verfasst von)
Medienart: Druck Buch
Sprache:Englisch
Veröffentlicht: Lodon New York Oxford Bloomsbury Academic 2023
In:Jahr: 2023
Verfügbarkeit prüfen: HBZ Gateway
Subito Bestelldienst: Jetzt bestellen.
Schlagwörter:
Parallele Ausgabe:Elektronisch
Elektronisch

MARC

LEADER 00000cam a2200000 c 4500
001 1833379373
003 DE-627
005 20241127124745.0
007 tu
008 230207s2023 xxk||||| 00| ||eng c
020 |a 9780755640836  |c : hardback  |9 978-0-7556-4083-6 
035 |a (DE-627)1833379373 
035 |a (DE-599)HEB491740654 
035 |a (DE-603)491740654 
040 |a DE-627  |b ger  |c DE-627  |e rda 
041 |a eng 
044 |c XA-GB  |c XD-US 
072 7 |a JPB  |2 bicssc 
072 7 |a GTJ  |2 bicssc 
072 7 |a GTF  |2 bicssc 
084 |a 2,1  |2 ssgn 
084 |a MK 3810  |2 rvk  |0 (DE-625)rvk/123053: 
100 1 |a Schomerus, Mareike  |d 1971-  |e VerfasserIn  |0 (DE-588)116883094X  |0 (DE-627)1032611588  |0 (DE-576)511765657  |4 aut 
109 |a Schomerus, Mareike 1971-  |a Schomerus, M. 1971- 
245 1 0 |a Lives amid violence  |b transforming development in the wake of conflict  |c Mareike Schomerus 
246 1 |i Abweichender Titel  |a LIVES AFTER VIOLENCE : towards a new paradigm of conflict and post-conflict development 
264 1 |a Lodon  |a New York  |a Oxford  |b Bloomsbury Academic  |c 2023 
300 |a 306 Seiten  |b Illustrationen 
336 |a Text  |b txt  |2 rdacontent 
337 |a ohne Hilfsmittel zu benutzen  |b n  |2 rdamedia 
338 |a Band  |b nc  |2 rdacarrier 
500 |a Index Seite 293-306 
500 |a Literaturverzeichnis Seite 261-292 
650 0 7 |0 (DE-588)4115589-0  |0 (DE-627)105813133  |0 (DE-576)209494514  |a Politischer Konflikt  |2 gnd 
650 0 7 |0 (DE-588)4027058-0  |0 (DE-627)106286234  |0 (DE-576)208968997  |a Innenpolitik  |2 gnd 
650 0 7 |0 (DE-588)4157237-3  |0 (DE-627)105502421  |0 (DE-576)209832878  |a Gewalttätigkeit  |2 gnd 
650 0 7 |0 (DE-588)4014948-1  |0 (DE-627)106338234  |0 (DE-576)208909966  |a Entwicklungshilfe  |2 gnd 
650 0 7 |0 (DE-588)4224722-6  |0 (DE-627)104984597  |0 (DE-576)210300418  |a Entwicklungsorganisation  |2 gnd 
650 0 7 |0 (DE-588)4076358-4  |0 (DE-627)104535806  |0 (DE-576)209201657  |a Problemlösen  |2 gnd 
650 0 7 |0 (DE-588)4153521-2  |0 (DE-627)105530336  |0 (DE-576)209804033  |a Fähigkeit  |2 gnd 
650 0 7 |0 (DE-588)4113393-6  |0 (DE-627)105829781  |0 (DE-576)209476117  |a Einrichtung  |2 gnd 
650 0 7 |0 (DE-588)4318539-3  |0 (DE-627)127418636  |0 (DE-576)211202355  |a Sozioökonomischer Wandel  |2 gnd 
650 0 7 |0 (DE-588)4130642-9  |0 (DE-627)105701041  |0 (DE-576)209620706  |a Lebensbedingungen  |2 gnd 
650 0 7 |0 (DE-588)4047068-4  |0 (DE-627)106195859  |0 (DE-576)209072113  |a Praxis  |2 gnd 
650 0 7 |0 (DE-588)4128256-5  |0 (DE-627)104106050  |0 (DE-576)209600551  |a Änderung  |2 gnd 
651 7 |0 (DE-588)1135962553  |0 (DE-627)890988382  |0 (DE-576)490197698  |a Erde  |2 gnd 
776 1 |z 9780755640843 
776 0 8 |i Erscheint auch als  |n Online-Ausgabe  |a Schomerus, Mareike, 1971 -   |t Lives Amid Violence  |d [Erscheinungsort nicht ermittelbar] : Bloomsbury Academic, 2023  |h 1 Online-Ressource (320 p.)  |w (DE-627)1832267202  |z 9780755640843  |z 9780755640850  |k Electronic 
776 0 8 |i Erscheint auch als  |n Online-Ausgabe  |a Schomerus, Mareike, 1971 -   |t Lives amid violence  |d [Erscheinungsort nicht ermittelbar] : Bloomsbury Academic, 2023  |h 1 Online-Ressource  |w (DE-627)183227764X  |z 9780755640867  |z 9780755640850  |k Electronic 
936 r v |a MK 3810  |b Friedenskonsolidierung, Hilfen zu einer Nachkriegszivilordnung  |k Politologie  |k Internationale Politik  |k Internationale Konflikte (Krieg und Frieden)  |k Friedenskonsolidierung, Hilfen zu einer Nachkriegszivilordnung  |0 (DE-627)1469262185  |0 (DE-625)rvk/123053:  |0 (DE-576)399262180 
951 |a BO 
ELC |b 1 
ORI |a SA-MARC-krimdok_oa001.raw